Muž a žena z Podkoníc Zvolenská stol.

Bibliographic Details
Format: Photo
Language:Slovak
PhysicalDescription:1 pohľadnica čiernobiela 14x9 cm
Published: Turč. Sv. Martin P. Socháň 1911
Series:Slovenské kroje
Subjects:

MARC

LEADER 00000ckm a2200000 a 4500
001 vtls010265389
003 SK-MaSNL
005 20260301173002.0
007 kf bo
008 251029s1911 xo g kuslo
015 |a SNBG 
035 |a CDBEF8A5-6F2E-40BA-AAF2-E4593F060A68 
035 |a urn:nbn:sk:snk-kmxvo4 
035 |a urn:nbn:sk:snk-km004wzh 
040 |a SNK  |b slo  |c SNK  |e AACR2 
041 0 |a slo 
043 |a e-xo--- 
044 |a xo  |c SK 
080 |a 908(437.6)  |2 2001 
080 |a (089.7)  |2 2001 
080 |a 391  |2 2001 
245 0 0 |a Muž a žena z Podkoníc  |h grafika  |b Zvolenská stol. 
260 |a Turč. Sv. Martin  |b P. Socháň  |c 1911 
300 |a 1 pohľadnica  |b čiernobiela  |c 14x9 cm 
490 1 |a Slovenské kroje  |v 69 
650 0 7 |a ľudové odevy  |2 SNKPH  |9 85297 
651 7 |a Podkonice (Slovensko)  |2 SNKPH  |9 119828 
655 7 |a žánrové pohľadnice  |2 SNKPH  |9 70524 
830 0 |a Slovenské kroje  |9 326931 
852 |a Slovenská národná knižnica 
958 |a GC 
958 |a GBN 
958 |a ONDV 
999 |c 835383  |d 837313 
952 |a SNK  |b SNK  |y PREZ  |7 0  |p 17A0688134  |o snkSP 422  |0 0  |1 0  |4 0  |d 2011-03-21  |f 1  |l 0  |r 2026-02-24 03:51:47  |w 2026-02-24